| 000 | 00885nam a22002411a 4500 | ||
|---|---|---|---|
| 001 | 22404 | ||
| 003 | BD-RjUL | ||
| 005 | 20211209000813.0 | ||
| 008 | 140308s1955 enk 1 1 eng d | ||
| 035 | _a(BD-RjUL)22469 | ||
| 040 |
_aNUN _beng _cNUN _dBD-RjUL |
||
| 041 | _aeng | ||
| 082 | 0 | 4 |
_a828.6 _bBOB 1955 |
| 100 | 1 |
_aBoswell, James, _d1740-1795. _961877 |
|
| 245 | 1 | 0 |
_aBoswell on the grand tour : _bItaly, Corsica and France, 1765-1766 / _cEd. by F.Brady and F.A.Pottle. |
| 260 |
_aLondon : _bHeinemann, _cc1955. |
||
| 300 |
_axxviii, 383 p. : _billus., facsims., maps (on lining papers), ports. ; _c24 cm. |
||
| 500 | _aFor a companion vol. see the author's Boswell on the grand tour: Germany and Switzerland, 1764. | ||
| 600 | 1 | 0 |
_aBoswell, James, _d1740-1795. _961877 |
| 700 | 1 |
_aPottle, Frederick Albert, _d1897- _955042 |
|
| 700 | 1 |
_aBrady, Frank. _969180 |
|
| 942 |
_2ddc _cBK |
||
| 999 |
_c22404 _d22404 |
||